| 000 | 00354cam a22001217a 4500 | ||
|---|---|---|---|
| 008 | 180718b1972 xxu||||| |||| 00| 0 eng d | ||
| 082 | _aC4x54 T737 | ||
| 100 | _aTripathi, P.K. | ||
| 245 |
_aSpotlights on constitutional interpretation _cby P.K. Tripathi |
||
| 260 |
_aBombay _bN.M. Tripathi _c1972 |
||
| 300 | _a375p. | ||
| 650 | _aConstitutional Law - India | ||
| 999 |
_c355677 _d355677 |
||